| 000 | 00369nam a22001577a 4500 | ||
|---|---|---|---|
| 020 | _a9781292060552 | ||
| 082 | _a621.38152 STR | ||
| 100 | _aStreerman . Ben G | ||
| 245 | _aSolid state electronic devices | ||
| 250 | _a7th | ||
| 260 |
_aBoston _bPearson _c2016 |
||
| 300 |
_a616 _bP.B |
||
| 650 | _aSolid State | ||
| 700 | _aBen G Streerman | ||
| 942 | _cBK | ||
| 999 |
_c490602 _d490602 |
||